| 000 | 00448nam a2200169Ia 4500 | ||
|---|---|---|---|
| 003 | LK-CoDNM | ||
| 008 | 010623t1926 xxu||||| |||| 00| 1 Pali d | ||
| 040 |
_aLK-CoDNM _dLK-CoDNM _eLK-CoDNM |
||
| 041 | _aPali | ||
| 080 | _a104 D.8 | ||
| 100 |
_aSirimangala Thero _eed. |
||
| 245 | _aමංගලත්ථ දීපනී | ||
| 246 | _aMangalaththa Diipanii | ||
| 260 |
_bVignagnatappakasa _aColombo _c1926 |
||
| 300 | _b223p., 21 cm | ||
| 942 | _cBK | ||
| 999 |
_c93572 _d93572 |
||